000 00623nam a2200229Ia 4500
003 OSt
005 20221007080352.0
006 a|||||r|||| 00| 0
007 ta
008 221006b |||||||| |||| 00| 0 eng d
024 _a41,939
037 _cTextual
040 _aFLL
_cFLL
_beng
041 _2eng
_aeng
082 _aZ2,9511, Q3
100 _aBansal R.
_9694849
245 0 _aEuthanasia appeal and plea for mercy killing
260 _aNew Delhi
_bUniversal Law Publishing Co. India
_c2013
300 _axx,105p
_ccm.
942 _hZ2,9511, Q3
_cTEXL
_2CC
999 _c1159348
_d1159348